| 000 | 00928nam0a22002531 4500 | ||
|---|---|---|---|
| 001 | rc\2256015 | ||
| 005 | 20110829182938.9 | ||
| 035 | _a(NLR Aleph) 006499363 | ||
| 090 |
_a6215053 _c6215053 |
||
| 100 | _a20110829d1978 |||y0rusy50 ca | ||
| 101 | 0 | _arus | |
| 102 | _aRU | ||
| 105 | _aa z ||||| | ||
| 200 | 1 |
_aКинематика _eМетод разраб. для 8 кл. _fНИИ содерж. и методов обучения АПН СССР |
|
| 210 |
_aМосква _cБ. и. _d1978 |
||
| 215 |
_a[2], 18 с. _cил. _d21 |
||
| 300 | _aНа обороте тит. л. сост.: Л.С. Хижнякова | ||
| 702 | 1 |
_aХижнякова _bЛ. С. _gЛюдмила Степановна _4220 |
|
| 712 | 0 | 2 |
_aНИИ содержания и методов обучения _cМосква _3RU\NLR\AUTH\884181 |
| 801 | 0 |
_aRU _bNLR _gpsbo |
|
| 801 | 1 |
_aRU _bELAR _2rusmarc |
|
| 852 |
_aNLR _j78-4/23177 |
||
| 942 | _cBOOK | ||
| 980 | _aNB | ||